000 01050nam a2200229Ia 4500
003 Ost
005 20260416102354.0
008 260416s9999||||xx |||||||||||||| ||und||
040 _cfsecg
041 _aara
082 _a310
100 _aشريط، حسان
_eمؤلف
245 0 _aأساسيات في علم الإحصاء والإحتمالات بين النظرية والتطبيق /
_c حسان شريط
260 _aالجزائر
_bجامعة الجزائر3: كلية العلوم الإقتصادية، العلوم التجارية وعلوم التسيير
_c2019
300 _a115 ورقة
_bايضاحات
_c30 سم
504 _aمراجع ص.114
520 _aعلم الاحصاء، مقاييس النزعة المركزية، مقاييس التشتت، الاحتمالات
653 _aالاحتمالات
653 _aالاحصاء
710 _aجامعة الجزائر3: كلية العلوم الإقتصادية، العلوم التجارية وعلوم التسيير
_eناشر علمي
942 _cHANDOUT
999 _c41133
_d41133